00951nam a22002897a 450000100060000000300090000600500170001500700060003200800360003802000150007404000220008904100110011108200170012210000310013924501400017026000400031030000280035049000340037850500280041253400250044065000280046565000330049370000340052670000340056070000340059483000330062800260DO-SdBNP20171116120447.000260151106b 1987 sp |||| 00| 0 spa d a8475254284 aBPMSUbspacBPMSU17aspah  4a843.8bV531u1 aVerne, Jules, d1828-1905.10aUn drama en Livonia / cJules Verne ; traducción Miguel Salabert ; apéndice Constantino Bértolo Cadenas ; ilustración L. Benett aMadrid : bEditorial Anaya, c1987. a224 p. :bil. ;c20 cm.1 aTus libros ; aAventuras v75 aBibliografía : p. 222 aUn drame en Livonie. aNOVELA JUVENIL FRANCESA 2LITERATURA JUVENIL FRANCESA  aSalabert, Miguel etraductor  aBertolo Cadenas, Constantino  aBenett, L. eililustraciones  aTus libros ; paventurasv75